000 00333nam a2200157Ia 4500
003 OSt
005 20240112161557.0
008 170524s9999 xx 000 0 und d
020 _a8122416071
040 _cIIMT
100 _aGulati RR
245 0 _aMonochrome & Colour TV
260 _bNew Age
260 _c2008
942 _2ddc
_c02
999 _c4880
_d4880